Monetarismo global, empleo y estratificación social (Registro nro. 24536)
[ vista simple ]
| 000 -LEADER | |
|---|---|
| fixed length control field | 00378 a2200121 4500 |
| 001 - CONTROL NUMBER | |
| control field | ART_9280 |
| 005 - DATE AND TIME OF LATEST TRANSACTION | |
| control field | 20260410161846.0 |
| 008 - FIXED-LENGTH DATA ELEMENTS--GENERAL INFORMATION | |
| fixed length control field | 260409a |
| 100 1# - MAIN ENTRY--PERSONAL NAME | |
| Personal name | Tokman, Víctor E. |
| 245 10 - TITLE STATEMENT | |
| Title | Monetarismo global, empleo y estratificación social |
| 700 1# - ADDED ENTRY--PERSONAL NAME | |
| Personal name | Lagos, Ricardo |
| 773 0# - HOST ITEM ENTRY | |
| Title | El trimestre económico |
| Related parts | - Vol. L, Nº 199 (jul./set. 1983) |
| Record control number | REV6933 |
No hay ítems disponibles.